Fahrenheit 451: notes
Сохранить в:
| Главный автор: | |
|---|---|
| Формат: | |
| Язык: | английский |
| Опубликовано: |
Butler
Cliffs Notes
1995
|
| Предметы: | |
| Метки: |
Добавить метку
Нет меток, Требуется 1-ая метка записи!
|
MARC
| LEADER | 00000nam a2200000 a 4500 | ||
|---|---|---|---|
| 001 | UCP2878 | ||
| 003 | CL-VaPUC | ||
| 008 | 990604e19950000us |||||||||||||||||eng|d | ||
| 082 | 0 | 4 | |a 813.09 |b UML |2 21 |
| 100 | 0 | |a Umland, Samuel J |e author |9 429860 | |
| 245 | 1 | 0 | |a Fahrenheit 451: notes |
| 300 | |a 62 p | ||
| 942 | |c BK | ||
| 945 | |d 19990604 00:00:00 |a rbrito | ||
| 260 | |a Butler |b Cliffs Notes |c 1995 | ||
| 600 | 0 | 7 | |a BRADBURY, RAY |2 CL-VaPUC |9 429861 |
| 650 | 7 | |a NOVELA ESTADOUNIDENSE |2 CL-VaPUC |9 266286 | |
| 650 | 0 | |a Crítica literaria |9 269189 | |
| 650 | 0 | |a Crítica e interpretación |9 255042 | |
| 583 | |a last modification |c 20171114 11:19:49 |k Rodrigo Vera | ||
| 999 | |c 281344 |d 281342 | ||
| 952 | |0 0 |1 0 |4 0 |6 813_090000000000000_UML_1995 |7 0 |8 A |9 322054 |a BIBEDU |b BIBEDU |d 2019-11-20 |i 3527891 |o 813.09 UML 1995 |p 3527891 |r 2019-11-20 |w 2019-11-20 |y BK |k LIT | ||